00329nam a2200133Ia 4500008004100000041000800041082001500049100001400064245002900078250001200107260004200119300001500161999001900176230724s2023 xx 000 0 und d aeng a345.06/CHA aChatterji aCompetition Law In India a2017 Ed aAllahabadbAllahabad Law Agencyc2023 a1-459 P.p. c751599d751599